00633nam a2200169 a 450000100100000000500170001000800410002704000250006810000250009324500310011826001190014930000270026858600370029504900090033295201050034199900170044600002570020200930024001.0110221s1993 dr 000 0 spa d aDO-SdBNPbspacBNPHU1 aCerda, Nelson952466 0aEn los laberintos del ser. aSantiago, República Dominicana :bUnión de Escritores de SantiagobEdiciones El Yunque,c1993.fEditora Mariel a77 p. :bil. ;c21 cm. aPrimer premio concurso literario aBNPD 0010718PDaPDbPDcCTd2011-02-21iLF1l0o p25700-10r2020-06-25w2020-06-25yLFPDZNo se presta c25192d25192